Star Wars: Revenge of The Quiz - Statistics

General Stats
  • This quiz has been taken 37 times
  • The average score is 21 of 32
Answer Stats
Hint Answer % Correct
What Was Anakin's Sith Name? Darth Vader
100%
What Was The Name Of Padme's Son? Luke Skywalker
93%
What Order Was Executed For The Clones To Turn On The Jedi? Order 66
93%
Who Is Captured In The Beginning Of The Movie? Emperor Palpatine
89%
Who Was The Jedi That Was Flung Out The Window? Mace Windu
89%
Who Has Good Relations With The Wookiees? Yoda
89%
Who Was Obi-Wan's Clone Commander? Cody
86%
Who's The Leader Of The Droid Army? General Grievous
86%
Whose Nickname Is "The Negotiator"? Obi-Wan Kenobi
86%
What Planet Did Obi-Wan And Anakin Duel? Mustafar
82%
What Planet Do The Wookiees Live On? Kashyyyk
79%
What Planet Was Padme's Son Taken To? Tatooine
79%
Who Kills Count Dooku? Anakin Skywalker
75%
Who Adopted Padme's Daughter? Bail Organa
75%
What Planet Was Padme's Daughter Taken To? Alderaan
71%
Who Is The Sith Lord In This Movie? Darth Sidious
68%
Who Was The Nautalan Jed Killed By Sidious? Kit Fisto
68%
General Grievous Likes Collecting What? Lightsabers
68%
Anakin Was On The Council But Not Granted The Rank Of ______? Master
68%
What Was The Legion Of Clone Troopers Who Went To The Jedi Temple To Kill The Jedi? The 501st
61%
What Planet Was Aayla Secura Executed On? Felucia
57%
What Planet Did General Grievous Die On? Utapau
57%
What Was The Name Of Padme's Daughter? Leia Skywalker
54%
Who Was The Zabrak Jedi Killed By Sidious? Agen Kolar
50%
Who Was The Ikotchi Jedi Killed By Sidious? Saesee Tiin
46%
Who Was The Chief Of The Wookiees? Tarfful
46%
What Planet Was Ki Adi Mundi Executed On? Mygeeto
43%
What Is Obi-Wan's R2 Unit's Name? R4-P17
39%
What Lightsaber Form Does Mace Windu Use? Vaapad
32%
What Lightsaber Form Does Obi-Wan Use Soresu
29%
What Lightsaber Form Does Anakin Use? Djem So
18%
What Planet Did Padme Give Birth To Twins On? Poliss Masa
7%
No matching quizzes found
Score Distribution
Percent of People with Each Score
Percentile by Number Answered
Your Score History
You have not taken this quiz